00925nam a22002537a 4500001001000000003000500010005001700015008004100032010001100073011001100084035001100095040000900106100002600115245015100141260004100292502011800333530003600451650002700487650003300514650003300547650001200580650001500592856006400607000104280CHAP20220329143718.0110325s2011 mx r 00010 spa d a100742 a101714 a112402 cCHAP1 aLópez Mora, Yaneth.10aManipulación del colesterol y lípidos totales en el huevo de gallinas suplementadas con cobre y cromoh[En línea]c/por Yaneth López Mora. aChapingo, Méx. :bEl autor,c2011. aTesis (Ing. Agr. Esp. en Zootecnia) -- UACH. Departamento de Enseñanza, Investigación y Servicio en Zootecnia atambièn disponible en lìnea 4aGallinasxNutrición.14aCobre en nutrición animal.14aCromo en nutrición animal.14aHuevos.14aLípidos. 3Finding aiduhttp://10.13.5.2/tesis/112402.pdfzTeclea aqui